| 000 -LEADER |
| fixed length control field |
01109nam a2200241Ia 4500 |
| 001 - CONTROL NUMBER |
| control field |
15730 |
| 003 - CONTROL NUMBER IDENTIFIER |
| control field |
GE_BSU |
| 008 - FIXED-LENGTH DATA ELEMENTS--GENERAL INFORMATION |
| fixed length control field |
181216s||||||||xx |||||||||||||| ||und|| |
| 040 ## - CATALOGING SOURCE |
| Transcribing agency |
GE_BSU |
| 080 ## - UNIVERSAL DECIMAL CLASSIFICATION NUMBER |
| Universal Decimal Classification number |
821.353.1 + 821.353.1-92 |
| 100 ## - MAIN ENTRY--PERSONAL NAME |
| Personal name |
ჭავჭავაძე, ი. (ილია, 1837-1907) |
| 245 ## - TITLE STATEMENT |
| Title |
რჩეული ნაწარმოებები : 5 ტომად. ტ. 5 |
| 245 ## - TITLE STATEMENT |
| Remainder of title |
პუბლიცისტური წერილები; [ილიას ავტობიოგრაფია |
| 245 ## - TITLE STATEMENT |
| Statement of responsibility, etc. |
ტომი შეადგინეს: სარგის ცაიშვილმა და გურამ გვერდწითელმა. რდ. ნ. აბესაძე |
| 260 ## - PUBLICATION, DISTRIBUTION, ETC. |
| Place of publication, distribution, etc. |
თბილისი |
| 260 ## - PUBLICATION, DISTRIBUTION, ETC. |
| Name of publisher, distributor, etc. |
საბჭ. საქართველო |
| 260 ## - PUBLICATION, DISTRIBUTION, ETC. |
| Date of publication, distribution, etc. |
1987 |
| 300 ## - PHYSICAL DESCRIPTION |
| Extent |
448 გვ.20სმ |
| 300 ## - PHYSICAL DESCRIPTION |
| Accompanying material |
შენიშვნები გვ.441-445 |
| 653 ## - INDEX TERM--UNCONTROLLED |
| Uncontrolled term |
პუბლიცისტური წერილები |
| 653 ## - INDEX TERM--UNCONTROLLED |
| Uncontrolled term |
რჩეული ნაწარმოებები |
| 942 ## - ADDED ENTRY ELEMENTS (KOHA) |
| Koha item type |
წიგნი |